| 000 | 00760nam0a22002411 4500 | ||
|---|---|---|---|
| 001 | v19\rc\2061572 | ||
| 005 | 20250620024713.0 | ||
| 035 | _a(NLR Aleph) 005138301 | ||
| 090 |
_a4777146 _c4777146 |
||
| 100 | _a20081111d1910 |||y0rusy50 ca | ||
| 101 | 1 |
_arus _cfre |
|
| 102 | _aRU | ||
| 105 | _ac z |||a| | ||
| 200 | 1 |
_aКрасные мантии _eРоман _fПер. Зин. Венгеровой |
|
| 210 |
_aМосква _cСфинкс _d1910 |
||
| 215 | _a368 с., 1 л. портр. | ||
| 225 | 1 |
_aПолное собрание сочинений _fПоль Адан _vТ. 1 |
|
| 700 | 1 |
_aАдан _bП. _f1862-1920 _gПоль |
|
| 801 | 0 |
_aRU _bNLR _gpsbo |
|
| 801 | 1 |
_aRU _bProSoft-M _2rusmarc |
|
| 852 |
_aNLR _j38.77.5.150(т. 1) |
||
| 942 | _cBOOK | ||
| 980 | _aNB | ||